000 00879cab a2200289 4500
001 WB3428-15
008 090401t1998 xxu||||| |||| 00| 0 eng d
035 _a(Sirsi) u87643
041 _aeng
245 _aSurvey: Private Finance Initiative
260 _c1998
350 _a0
490 _aFinancial Times
_v24 July 1998 (4)
520 _aConsiders the successes and failures of PFI over the last six years and the reforms made by the Labour Government since May 1997.
650 _aBONDS
650 _aDEFENCE INDUSTRY
650 _aMANAGEMENT-BUSINESS MANAGEMENT-INFORMATION MANAGEMENT
650 _aLOCAL GOVERNMENT
650 _aPRISON SECTOR
650 _aPRIVATE FINANCE INITIATIVE
650 _aREFORMS
650 _aSOUTH AFRICA
650 _aTRANSPORT
690 _aPROPERTY-PROPERTY FINANCE AND INVESTMENT
942 _n0
948 _c24/07/1998
999 _c55294
_d55294